Mother of the bride /directed by Mark Waters ,written by Robin Bernheim, produced by Brad Krevoy. (Record no. 20955)

000 -LEADER
fixed length control field 01123nam a2200301 4500
008 - FIXED-LENGTH DATA ELEMENTS--GENERAL INFORMATION
fixed length control field 250528b xxu||||| |||| 00| 0 eng d
082 ## - DEWEY DECIMAL CLASSIFICATION NUMBER
Classification number 172.3472
Item number M8565
245 ## - TITLE STATEMENT
Title Mother of the bride /directed by Mark Waters ,written by Robin Bernheim, produced by Brad Krevoy.
260 ## - PUBLICATION, DISTRIBUTION, ETC. (IMPRINT)
Place of publication, distribution, etc United States:
Name of publisher, distributor, etc Netflix,
Date of publication, distribution, etc 2023
300 ## - PHYSICAL DESCRIPTION
Extent 1 videofile,88 minutes:
Other physical details sound, color.
520 ## - SUMMARY, ETC.
Summary, etc Lana's daughter Emma returns from London and announces that she's getting married next month. Things become more complicated when Lana learns that the man who stole Emma's heart is the son of the man who broke hers years ago.

521 ## - TARGET AUDIENCE NOTE
Target audience note TV-PG.
546 ## - LANGUAGE NOTE
Language note English.
650 ## - SUBJECT ADDED ENTRY--TOPICAL TERM
Topical term or geographic name as entry element Feel-Good Romance.
650 ## - SUBJECT ADDED ENTRY--TOPICAL TERM
Topical term or geographic name as entry element Romantic Comedy.
650 ## - SUBJECT ADDED ENTRY--TOPICAL TERM
Topical term or geographic name as entry element Comedy.
650 ## - SUBJECT ADDED ENTRY--TOPICAL TERM
Topical term or geographic name as entry element Drama.
650 ## - SUBJECT ADDED ENTRY--TOPICAL TERM
Topical term or geographic name as entry element Romance.
700 ## - ADDED ENTRY--PERSONAL NAME
Personal name Shields,Brooke, star.
700 ## - ADDED ENTRY--PERSONAL NAME
Personal name Cosgrove,Miranda ,star.
700 ## - ADDED ENTRY--PERSONAL NAME
Personal name Teale,Sean,star.
700 ## - ADDED ENTRY--PERSONAL NAME
Personal name Murray,Chad Michael, star.
700 ## - ADDED ENTRY--PERSONAL NAME
Personal name Harris,Rachael ,star.
700 ## - ADDED ENTRY--PERSONAL NAME
Personal name Bratt,Benjamin,star.
700 ## - ADDED ENTRY--PERSONAL NAME
Personal name Wu,Ed,cinematographer.
700 ## - ADDED ENTRY--PERSONAL NAME
Personal name Sittard,Travis, editor.
942 ## - ADDED ENTRY ELEMENTS (KOHA)
Source of classification or shelving scheme
Item type Audio-Visual Materials
Holdings
Source of acquisition Price effective from Permanent location Date last seen Not for loan Date acquired Source of classification or shelving scheme Koha item type Collection code Shelving location Damaged status Lost status Withdrawn status Current location Full call number
Donation2025-05-28Cagayan State University - Carig Library2025-05-28 2025-05-28 Audio-Visual MaterialsElectronic Media CenterElectronic Media Center   Cagayan State University - Carig Library172.3472 M8565

Cagayan State University University Library, Carig Campus
Tuguegarao City, Cagayan 3500 | www.csucarig.edu.ph

Powered by Koha